| 000 | 00816nam a2200193Ia 4500 | ||
|---|---|---|---|
| 003 | Ost | ||
| 005 | 20260507075116.0 | ||
| 008 | 260507s9999||||xx |||||||||||||| ||und|| | ||
| 040 | _cfsecg | ||
| 041 | _aara | ||
| 082 | _a336.2 | ||
| 100 |
_aحجازي، المرسى السيد _eمؤلف |
||
| 245 | 0 |
_aالنظم والقضايا الضريبية المعاصرة / _c المرسى السيد حجازي |
|
| 260 |
_aالإسكندرية: _bأليكس لتكنولوجيا المعلومات, _c2004 |
||
| 300 |
_a367 صفحة؛ _bإيضاحات ؛ _c24 سم |
||
| 520 | _aالقانون الضريبي- النظام الضريبي الأمريكي- النظام الضريبي المصري- قضايا ضريبية معاصرة | ||
| 653 | _aالضرائب- قوانين وتشريعات | ||
| 942 | _cكتاب | ||
| 999 |
_c43012 _d43012 |
||